| 000 | 00389nam a2200121Ia 4500 | ||
|---|---|---|---|
| 008 | 171212s9999 xx 000 0 und d | ||
| 020 | _a9781921862816 | ||
| 245 |
_ceditor Barcham, Manuhuia;Hindess, Barry;Larmour, Peter _aCorruption _bExpanding the Focus |
||
| 260 |
_bANU E Press _c2012 |
||
| 650 | _aCorruption | ||
| 650 | _aPhilosophy | ||
| 856 | _uwww.jstor.org/stable/10.2307/j.ctt24hbwc | ||
| 999 |
_c351054 _d351054 |
||